| 000 | 00448nam a2200169 a 4500 | ||
|---|---|---|---|
| 001 | 0000-8993 | ||
| 003 | ELIB.Books | ||
| 008 | 110520 0000 | ||
| 035 | _a(ELIB.Books)0000-9142 | ||
| 082 |
_a268.432 _bGil |
||
| 100 | _aGil, Eliana | ||
| 245 | _aTreatment of adult Survivors of Childhood Abuse | ||
| 260 |
_bCalifornia: Launch Press _c0 |
||
| 650 | _aChristian Education | ||
| 942 |
_2ddc _cBK |
||
| 998 |
_cbat _e2011-05-20 |
||
| 999 |
_c8993 _d8993 |
||